Eastern Utah Libraries Catalog: Duchesne, Heber, Roosevelt, & Vernal

Care Bears & cousins : BFFs (Record no. 299340)

MARC details
000 -LEADER
fixed length control field 02203cgm a22004938i 4500
005 - DATE AND TIME OF LATEST TRANSACTION
control field 20231122135816.0
007 - PHYSICAL DESCRIPTION FIXED FIELD--GENERAL INFORMATION
fixed length control field vd cvaizk
008 - FIXED-LENGTH DATA ELEMENTS--GENERAL INFORMATION
fixed length control field 170112s2017 132 j ## vzeng d
024 1# - OTHER STANDARD IDENTIFIER
Standard number or code 031398260011 (videorecording)
040 ## - CATALOGING SOURCE
Language of cataloging eng
Description conventions rda
Modifying agency MMLLC
041 1# - LANGUAGE CODE
Language code of text/sound track or separate title eng
-- spa
Language code of summary or abstract/overprinted title or subtitle eng
-- spa
Language code of original and/or intermediate translations of text eng
082 ## - DEWEY DECIMAL CLASSIFICATION NUMBER
Classification number [FIC]
092 ## - LOCALLY ASSIGNED DEWEY CALL NUMBER (OCLC)
Classification number EDVD
Item number Car
245 00 - TITLE STATEMENT
Title Care Bears & cousins : BFFs
264 #1 - Production, Publication, Distribution, Manufacture, and Copyright Notice.
Place of production, publication, distribution, manufacture [United States] :
Name of producer, publisher, distributor, manufacturer [Lionsgate],
Date of production, publication, distribution, manufacture, or copyr [2017]
300 ## - PHYSICAL DESCRIPTION
Extent 1 videodisc (ca. 132 min.) :
Other physical details sd., col. ;
Dimensions 4 3/4 in.
336 ## - Content Type
Content type term two-dimensional moving image
337 ## - Media type
Media type term video
338 ## - Carrier type
Carrier type term videodisc
500 ## - GENERAL NOTE
General note Title and description based on researched data.
500 ## - GENERAL NOTE
General note [Widescreen?]
508 1# - CREATION/PRODUCTION CREDITS NOTE
Creation/production credits note [Director, Andrew Young?].
511 1# - PARTICIPANT OR PERFORMER NOTE
Participant or performer note [Michaela Dean, Doug Erholtz, Braeden Fox, Olivia Hack?.]
520 ## - SUMMARY, ETC.
Summary, etc "The Care Bears and Cousins discover that best friends are forever in these sweet and smile-raising adventures. Whether they're trying to help Brave Heart have the awesomest day ever, caring for an injured Grumpy, or learning valuable lessons about jealousy and the importance of keeping promises, the Care Bears and Cousins fill every moment with caring, sharing fun!"
521 8# - TARGET AUDIENCE NOTE
Target audience note Rating: not rated.
538 ## - SYSTEM DETAILS NOTE
System details note DVD, animated, color, [widescreen?], NTSC.
546 ## - LANGUAGE NOTE
Language note English or Spanish dialogue, English or Spanish subtitles; closed-captioned.
650 #0 - SUBJECT ADDED ENTRY--TOPICAL TERM
Topical term or geographic name as entry element Care Bears (Fictitious characters)
Form subdivision Juvenile films.
9 (RLIN) 5682297
650 #0 - SUBJECT ADDED ENTRY--TOPICAL TERM
Topical term or geographic name as entry element Friendship
Form subdivision Juvenile films.
9 (RLIN) 5675516
650 #1 - SUBJECT ADDED ENTRY--TOPICAL TERM
Topical term or geographic name as entry element Care Bears (Fictitious characters)
Form subdivision Drama.
9 (RLIN) 6476194
650 #1 - SUBJECT ADDED ENTRY--TOPICAL TERM
Topical term or geographic name as entry element Friendship
Form subdivision Drama.
9 (RLIN) 5682261
650 #1 - SUBJECT ADDED ENTRY--TOPICAL TERM
Topical term or geographic name as entry element Sportsmanship
Form subdivision Drama.
9 (RLIN) 6476195
655 #7 - INDEX TERM--GENRE/FORM
Genre/form data or focus term Children's television programs.
Source of term lcgft.
9 (RLIN) 5674316
655 #7 - INDEX TERM--GENRE/FORM
Genre/form data or focus term Animated television programs.
Source of term lcgft.
9 (RLIN) 5938689
700 1# - ADDED ENTRY--PERSONAL NAME
Personal name Dean, Michaela.
9 (RLIN) 5897237
700 1# - ADDED ENTRY--PERSONAL NAME
Personal name Erholtz, Doug.
9 (RLIN) 5882673
700 1# - ADDED ENTRY--PERSONAL NAME
Personal name Fox, Braeden.
9 (RLIN) 5938690
700 1# - ADDED ENTRY--PERSONAL NAME
Personal name Hack, Olivia.
9 (RLIN) 5938691
710 2# - ADDED ENTRY--CORPORATE NAME
Corporate name or jurisdiction name as entry element Lionsgate (Firm)
9 (RLIN) 73029
730 0# - ADDED ENTRY--UNIFORM TITLE
Uniform title Care Bears (Television program)
9 (RLIN) 5753773
942 ## - ADDED ENTRY ELEMENTS (KOHA)
Koha item type DVD
Source of classification or shelving scheme Dewey Decimal Classification
948 ## - LOCAL PROCESSING INFORMATION (OCLC); SERIES PART DESIGNATOR (RLIN)
Series part designator, SPT (RLIN) 04/04/2017
z (OCLC) Sirsi
949 ## - LOCAL PROCESSING INFORMATION (OCLC)
n www.MicroMarketing.org 800-229-9887
Holdings
Withdrawn status Lost status Source of classification or shelving scheme Damaged status Not for loan Collection code Home library Current library Shelving location Date acquired Source of acquisition Cost, normal purchase price Total Checkouts Total Renewals Full call number Barcode Date last seen Date checked out Cost, replacement price Price effective from Koha item type
    Dewey Decimal Classification     Children Movies Wasatch County Library Wasatch County Library Audio Visual Area 04/04/2017   14.98 48 35 E DVD Car 34301001491663 09/08/2025 08/07/2025 14.98 03/20/2020 DVD
This project was made possible through a grant from the Institute of Museum and Library Service administered by the Utah State Library Division.

Wasatch County Library

  • 465 East 1200 South, Heber City, Utah 84032
  • Phone 435-654-1511 | Fax 435-654-6456

Hours

  • Monday - Friday 9:30 AM - 8:00 PM
  • Saturday 9:30 AM - 1:30 PM
  • Closed Sundays and Holidays